Workbook : in Economics
Αποθηκεύτηκε σε:
| Κύριος συγγραφέας: | |
|---|---|
| Άλλοι συγγραφείς: | , |
| Μορφή: | Βιβλίο |
| Γλώσσα: | English |
| Δημοσίευση: |
New Jersey :
Prentice-Hall ,
c1960
|
| Θέματα: | |
| Ετικέτες: |
Προσθήκη ετικέτας
Δεν υπάρχουν, Καταχωρήστε ετικέτα πρώτοι!
|
MARC
| LEADER | 00000nam a2200000 i 4500 | ||
|---|---|---|---|
| 001 | 1/70315 | ||
| 008 | 990224s1960 eng d | ||
| 035 | |l 10048068 | ||
| 040 | |a GR-MY-UA |b gre |e aacr | ||
| 041 | 0 | |a eng | |
| 082 | 0 | |a 330 | |
| 100 | 1 | |a Joseph, Myron L. | |
| 245 | 1 | 0 | |a Workbook : |b in Economics / |c Myron L. Joseph and Norton C. Seeber ; with the cooperation of George Leland Bach |
| 260 | |a New Jersey : |b Prentice-Hall , |c c1960 | ||
| 300 | |a vi, 216 p. | ||
| 650 | 0 | 0 | |a Economics. |
| 700 | 1 | |a Seeber, Norton C. | |
| 700 | 1 | |a Bach, George Leland |d 1915- | |
| 852 | |a INST |b CHIOS |e 19990224 |h 330 JOS |p 005200014738 |q 005200014738 |t BK |y 0 | ||
| 901 | |a BIBL-1999-1 | ||
| 909 | |a Χ |b 055446 | ||
| 922 | |a 2ΔΩΡ |b 199902 |d ΛΕΜΟΝΙΑ | ||